Mathematics for electronics : A self-instructional programed manual

Salvato in:
Dettagli Bibliografici
Autori principali: Wolf, O. (Autore), Latterner, C. G. (Autore)
Natura: Libro
Lingua:inglese
Pubblicazione: New Jersey : Federal electric corporation, 1965
Tags: Aggiungi Tag
Nessun Tag, puoi essere il primo ad aggiungerne!!

MARC

LEADER 00000nam a22000003a 4500
001 stu51368
005 20150617225709.4
008 991215s1965----xxu-----------------eng-d
040 |a STU  |b slo 
041 0 |a eng 
044 |a xxu 
080 |a 51  |7 stu_us_auth*stu8333 
080 |a 621.38 
100 1 |a Wolf, O.  |4 aut 
245 1 |a Mathematics for electronics :  |b A self-instructional programed manual 
260 |a New Jersey :  |b Federal electric corporation,  |c 1965 
300 |a 598 s 
700 1 |a Latterner, C. G.  |4 aut 
996 |b 284EK01820  |c E*24062  |l EE01  |s A  |a 24  |w stu51368_0001